Fr. Conceicao Rodrigues College of Engineering

Int. to Management Accounting (Record no. 20014)

MARC details
000 -LEADER
fixed length control field 00346nam a2200157Ia 4500
082 ## - DEWEY DECIMAL CLASSIFICATION NUMBER
Classification number 658.152
Item number HOR/SUN
100 ## - MAIN ENTRY--PERSONAL NAME
Personal name Horngren/ Sundern
250 ## - EDITION STATEMENT
Edition statement 9
245 ## - TITLE STATEMENT
Title Int. to Management Accounting
260 ## - PUBLICATION, DISTRIBUTION, ETC.
Name of publisher, distributor, etc. Prentice Hall
Date of publication, distribution, etc. 1993
300 ## - PHYSICAL DESCRIPTION
Extent 326
546 ## - LANGUAGE NOTE
Language note ENGLISH
654 ## - SUBJECT ADDED ENTRY--FACETED TOPICAL TERMS
Focus term management accounting
942 ## - ADDED ENTRY ELEMENTS (KOHA)
Koha item type BOOK
Holdings
Withdrawn status Lost status Damaged status Not for loan Collection Home library Current library Date acquired Total Checkouts Full call number Barcode Date last seen Price effective from Koha item type
        CRC Fr. Agnel's C.Rodrigues College of Engineering Fr. Agnel's C.Rodrigues College of Engineering 17/03/2023   658.152 HOR/SUN 11393 17/03/2023 17/03/2023 BOOK